Physics for scientists and engineers with modern physics / (Record no. 8136)
[ view plain ]
| 000 -LEADER | |
|---|---|
| fixed length control field | 01139cac a2200325 i 4500 |
| 003 - CONTROL NUMBER IDENTIFIER | |
| control field | EG-ScBUE |
| 005 - DATE AND TIME OF LATEST TRANSACTION | |
| control field | 20250120090442.0 |
| 008 - FIXED-LENGTH DATA ELEMENTS--GENERAL INFORMATION | |
| fixed length control field | 090225t2008 caua f 001 0 eng d |
| 020 ## - INTERNATIONAL STANDARD BOOK NUMBER | |
| International Standard Book Number | 9780495112402 |
| 020 ## - INTERNATIONAL STANDARD BOOK NUMBER | |
| International Standard Book Number | 0495112402 |
| 040 ## - CATALOGING SOURCE | |
| Original cataloging agency | EG-ScBUE |
| Language of cataloging | eng |
| Description conventions | rda |
| Transcribing agency | EG-ScBUE |
| Modifying agency | EG-ScBUE |
| 082 04 - DEWEY DECIMAL CLASSIFICATION NUMBER | |
| Classification number | 530 |
| Item number | JEW |
| Edition number | 22 |
| 100 1# - MAIN ENTRY--PERSONAL NAME | |
| Personal name | Jewett, John William, |
| 9 (RLIN) | 33738 |
| Dates associated with a name | 1928- |
| Relator term | author. |
| 245 10 - TITLE STATEMENT | |
| Title | Physics for scientists and engineers with modern physics / |
| Statement of responsibility, etc | John W. Jewett, California State Polytechnic University, Pomona, Raymond A. Serway, emeritus, James Madison University. |
| 250 ## - EDITION STATEMENT | |
| Edition statement | Seventh edition. |
| 250 ## - EDITION STATEMENT | |
| Edition statement | International edition. |
| 264 #1 - PUBLICATION, DISTRIBUTION, ETC. (IMPRINT) | |
| Place of publication, distribution, etc | Belmont : |
| Name of publisher, distributor, etc | Thomson-Higher Education, |
| Date of publication, distribution, etc | [2008] |
| 264 #4 - PUBLICATION, DISTRIBUTION, ETC. (IMPRINT) | |
| Date of publication, distribution, etc | c2008 |
| 300 ## - PHYSICAL DESCRIPTION | |
| Extent | 1 volume (various pagings) : |
| Other physical details | illustrations (some color) ; |
| Dimensions | 29 cm |
| 336 ## - CONTENT TYPE | |
| Source | rdacontent |
| Content type term | text |
| Content type code | txt |
| 337 ## - MEDIA TYPE | |
| Media type term | unmediated |
| Source | rdamedia |
| Media type code | n |
| 338 ## - CARRIER TYPE | |
| Carrier type term | volume |
| Carrier type code | nc |
| Source | rdacarrier |
| 500 ## - GENERAL NOTE | |
| General note | Includes index. |
| 650 #7 - SUBJECT ADDED ENTRY--TOPICAL TERM | |
| Topical term or geographic name as entry element | Physics. |
| 9 (RLIN) | 4340 |
| Source of heading or term | BUEsh |
| 651 ## - SUBJECT ADDED ENTRY--GEOGRAPHIC NAME | |
| Source of heading or term | BUEsh |
| 653 ## - INDEX TERM--UNCONTROLLED | |
| Resource For college | Generalities |
| Arrived date list | November2017 |
| 655 ## - INDEX TERM--GENRE/FORM | |
| Form subdivision | Reading book |
| 700 1# - ADDED ENTRY--PERSONAL NAME | |
| Personal name | Serway, Raymond A., |
| Relator term | author. |
| 9 (RLIN) | 4341 |
| 942 ## - ADDED ENTRY ELEMENTS (KOHA) | |
| Source of classification or shelving scheme | Dewey Decimal Classification |
| Koha item type | Book - Borrowing |
| Withdrawn status | Lost status | Source of classification or shelving scheme | Damaged status | Not for loan | Home library | Current library | Shelving location | Date acquired | Total Checkouts | Total Renewals | Full call number | Barcode | Date last seen | Date checked out | Koha item type | Collection code | Materials specified (bound volume or other part) | Source of acquisition |
|---|---|---|---|---|---|---|---|---|---|---|---|---|---|---|---|---|---|---|
| Dewey Decimal Classification | Central Library | Central Library | First floor | 25/02/2008 | 8 | 73 | 530 JEW | 000010002 | 15/07/2025 | 21/10/2017 | Book - Borrowing | |||||||
| Dewey Decimal Classification | Central Library | Central Library | First floor | 25/02/2008 | 11 | 102 | 530 JEW | 000010001 | 15/07/2025 | 27/10/2019 | Book - Borrowing | |||||||
| Dewey Decimal Classification | Central Library | Central Library | First floor | 25/02/2009 | 9 | 57 | 530 JEW | 000029200 | 15/07/2025 | 16/10/2017 | Book - Borrowing | |||||||
| Dewey Decimal Classification | Central Library | Central Library | First floor | 25/02/2009 | 17 | 40 | 530 JEW | 000013998 | 15/07/2025 | 25/10/2018 | Book - Borrowing | Baccah | ||||||
| Dewey Decimal Classification | Central Library | Central Library | First floor | 01/04/2009 | 7 | 8 | 530 JEW | 000015509 | 15/07/2025 | 04/11/2021 | Book - Borrowing | |||||||
| Lost | Dewey Decimal Classification | Central Library | Central Library | First floor | 01/04/2009 | 5 | 1 | 530 JEW | 000015825 | 03/03/2013 | 25/09/2012 | Book - Borrowing | Donation-Gift | Lost In Inventory_2015-8-23 | ||||
| Dewey Decimal Classification | Central Library | Central Library | First floor | 15/03/2011 | 12 | 24 | 530 JEW | 000006747 | 15/07/2025 | 05/11/2017 | Book - Borrowing | Baccah | ||||||
| Dewey Decimal Classification | Central Library | Central Library | First floor | 20/11/2017 | 530 JEW | 000006745 | 15/07/2025 | Book - Borrowing | Purchase |